Compendium of environment statistics in the ESCWA region (Record no. 79587)
[ view plain ]
| 000 -LEADER | |
|---|---|
| fixed length control field | 01068nam a2200193 a 4500 |
| 008 - FIXED-LENGTH DATA ELEMENTS--GENERAL INFORMATION | |
| fixed length control field | 080220s2007 ||||||||||||||||| || u |
| 050 ## - LIBRARY OF CONGRESS CALL NUMBER | |
| Classification number | UN-ESCWA(058)CES |
| 110 ## - MAIN ENTRY--CORPORATE NAME | |
| Corporate name or jurisdiction name as entry element | United Nations Economic and Social Commission for Western Asia (ESCWA) |
| 245 10 - TITLE STATEMENT | |
| Title | Compendium of environment statistics in the ESCWA region |
| 260 ## - PUBLICATION, DISTRIBUTION, ETC. | |
| Place of publication, distribution, etc. | New York |
| Name of publisher, distributor, etc. | UNITED NATIONS |
| Date of publication, distribution, etc. | 2007 |
| 300 ## - PHYSICAL DESCRIPTION | |
| Extent | xix, 172p.:ill. |
| 350 ## - | |
| -- | 0.00 |
| 362 1# - | |
| -- | 2007; 2008-2009; 2010-2011 |
| 650 ## - SUBJECT ADDED ENTRY--TOPICAL TERM | |
| Topical term or geographic name entry element | ASIA, WESTERN--ENVIRONMENTAL ASPECTS |
| 650 ## - SUBJECT ADDED ENTRY--TOPICAL TERM | |
| Topical term or geographic name entry element | ENVIRONMENTAL PROTECTION--STATISTICS--ASIA, WESTERN |
| 995 ## - | |
| -- | SPECIAL COLLECTIONS |
| -- | 460 |
| -- | CBU-MAIN LIBRARY (Kitwe) |
| -- | 0.00 |
| -- | UN-ESCWA(058)CES/2011 |
| -- | 3 |
| -- | AVAILABLE |
| -- | Jun 10, 2014 |
| -- | B460 |
| -- | International Publications |
| 995 ## - | |
| -- | SPECIAL COLLECTIONS |
| -- | 0.00 |
| -- | 03007030 |
| -- | CBU-MAIN LIBRARY (Kitwe) |
| -- | 1 |
| -- | 0.00 |
| -- | UN-ESCWA(058)CES/2009 |
| -- | 2 |
| -- | AVAILABLE |
| -- | Aug 27, 2010 |
| -- | 03007030 |
| -- | International Publications |
| 995 ## - | |
| -- | SPECIAL COLLECTIONS |
| -- | 0.00 |
| -- | 56001 |
| -- | CBU-MAIN LIBRARY (Kitwe) |
| -- | 1 |
| -- | 0.00 |
| -- | UNESCWA(058)CES/2007 |
| -- | 1 |
| -- | AVAILABLE |
| -- | Aug 26, 2008 |
| -- | 56001 |
| -- | International Publications |
| 999 ## - | |
| -- | 79587 |
| -- | 79587 |
| Withdrawn status | Lost status | Source of classification or shelving scheme | Damaged status | Not for loan | Permanent Location | Current Location | Shelving location | Date acquired | Total Checkouts | Full call number | Barcode | Date last seen | Copy number | Price effective from | Koha item type |
|---|---|---|---|---|---|---|---|---|---|---|---|---|---|---|---|
| CBU-MAIN LIBRARY, KITWE. | CBU-MAIN LIBRARY, KITWE. | 06/29/2023 | UN-ESCWA(058)CES | B460 | 06/29/2023 | 1 | 06/29/2023 | SPECIAL COLLECTION | |||||||
| CBU-MAIN LIBRARY, KITWE. | CBU-MAIN LIBRARY, KITWE. | 06/29/2023 | UN-ESCWA(058)CES | B460 | 03007030 | 06/29/2023 | 2 | 06/29/2023 | SPECIAL COLLECTION | |||||||
| CBU-MAIN LIBRARY, KITWE. | CBU-MAIN LIBRARY, KITWE. | 06/29/2023 | UN-ESCWA(058)CES | B460 | 56001 | 06/29/2023 | 3 | 06/29/2023 | SPECIAL COLLECTION |